Personnages L'été où je suis devenue jolie - Mort subite - Statistiques

Statistiques générales
  • Ce quiz a été pris 893 fois
  • Le résultat moyen est 7 sur 12
Answers on the Grid
Answers color-coded by a green-red scale on the quiz's grid according to % correct below.
Jeremiah
Conrad
Belly
Steven
Taylor
Bella
Jonah
Conard
Tina
Susannah
Laurel
Nicole
Agnes
Shayla
Gigi
Denise
Lilah
Gavin
Chris
Lola
Jenny
Sarah
 
Statistiques - réponses
Réponse % Correct
Susannah
72%
Belly
68%
Jeremiah
68%
Steven
68%
Taylor
68%
Conrad
66%
Laurel
66%
Denise
61%
Nicole
57%
Shayla
56%
Gigi
38%
Agnes
28%
Aucun quiz correspondant
Distribution des résultats
% des personnes avec chaque résultat
Percentile par nombre de réponses
Votre historique - résultats
Vous n’avez pas pris ce quiz